Statistics for Australian geography by letter: S

Click here to take the quiz!

General Stats

  • This quiz has been taken 26 times
  • The average score is 4 of 10

Answer Stats

HintAnswer% Correct
Most populous citySydney
100%
Bass or TorresStrait
88%
DesertSimpson
56%
Linear urban area north of BrisbaneSunshine Coast
56%
Common name for a small possum that can travel up to 50 metres through the air with its limbs outstretchedSugar glider
24%
Town on Macquarie Harbour, TasmaniaStrahan
20%
Body of water between the Eyre Peninsula and the Yorke PeninsulaSpencer Gulf
16%
With a name that means 'no worries', this Sydney suburb is on Botany BaySans Souci
12%
This mountain in the ACT is home to an astronomical research observatoryStromlo
12%
DesertStrzelecki
8%

Score Distribution

Percentile by Number Answered

Percent of People with Each Score

Your Score History

You have not taken this quiz